Joueurs ayant marqués des essais en finale de Coupe du monde. - Statistiques

Statistiques générales
  • Ce quiz a été pris 219 fois
    74 depuis la dernière actualisation
  • Le résultat moyen est 5 sur 19
Statistiques - réponses
Année Nations Joueurs % Correct
Afrique du Sud Chelsin Kolbe
78%
Nouvelle-Zélande Bauden Barrett
66%
2023 Nouvelle-Zélande Bauden Barrett
66%
France Thierry Dusautoir
64%
Nouvelle-Zélande Ma'a Nonu
34%
2019 Afrique du Sud Makazole Mapimpi
25%
2003 Angleterre Jason Robinson
19%
Australie David Pocock
15%
1987 Nouvelle-Zélande Michael Jones
15%
France Pierre Berbizier
15%
Nouvelle-Zélande John Kirwan
14%
2015 Nouvelle-Zélande Nehe Milner-Skudder
14%
Australie Tevita Kuridrani
14%
2011 Nouvelle-Zélande Tony Woodcock
12%
Nouvelle-Zélande David Kirk
10%
Australie Lote Tuqiri
10%
1999 Australie Benjamin Tune
8%
Australie Owen Finegan
8%
1991 Australie Tony Daly
8%
Aucun quiz correspondant
Distribution des résultats
% des personnes avec chaque résultat
Percentile par nombre de réponses
Votre historique - résultats
Vous n’avez pas pris ce quiz depuis la dernière actualisation